| 000 | 00465pam a2200157 a 4500 | ||
|---|---|---|---|
| 020 | _a0131071785 | ||
| 082 | 0 | 0 |
_a671.52 _bJEL _cL-38, P-167 |
| 100 | 1 |
_aJellison, Roger W. _945032 |
|
| 245 | 1 | 0 |
_aWelding fundamentals / _cRoger W. Jellison. |
| 260 |
_aEnglewood Cliffs, N.J. : _bPrentice Hall, _cc1996. |
||
| 300 |
_avii, 232 p. : _bill. ; _c28 cm. |
||
| 526 |
_a0 _b0 _c0 _d671_520000000000000_JEL |
||
| 650 | 0 |
_aMCE _9379 |
|
| 650 | 0 |
_aWelding. _9189 |
|
| 942 |
_2ddc _cBK |
||
| 999 |
_c548642 _d548642 |
||